Loading...
Recalling Laissez-Faire:essays in honour of Adam Smith
| Main Author: | |
|---|---|
| Format: | Printed Book |
| Published: |
Department of Economics & Applied economics, Annamalai University
1992
|
| Subjects: |
| LEADER | 00558nam a2200193 4500 | ||
|---|---|---|---|
| 020 | |||
| 082 | |a 330 RAN-R | ||
| 100 | |a Rangachari, A V and Kalyani, T S, Ed | ||
| 245 | |a Recalling Laissez-Faire:essays in honour of Adam Smith | ||
| 250 | |||
| 260 | |a Department of Economics & Applied economics, Annamalai University |c 1992 | ||
| 300 | |||
| 490 | |||
| 500 | |||
| 590 | |||
| 650 | |a Economics | ||
| 942 | |c GIF | ||
| 999 | |c 118170 |d 118170 | ||
| 952 | |0 0 |1 0 |4 0 |6 330_000000000000000_RANR |7 0 |9 131637 |a ECN |b ECN |l 0 |o 330 RAN-R |p ECNG046 |r 2019-09-25 |w 2019-09-25 |y GIF | ||